Responses for Show #2880 - Friday, February 21, 1997

Grace Veach game 5.

Contestants

[<< previous game]

Claudia Traudt, a humanities lecturer and artist from Chicago, Illinois

Michael Grinde, a retired letter carrier from Redondo Beach, California

Grace Veach, a librarian from Decatur, Illinois (whose 4-day cash winnings total $41,601)

[next game >>]

Jeopardy! Round responses

INVENTORS
FOOD & DRINK
FAMOUS AMERICANS
CLASSIC MOVIE QUOTES
TRAVEL & TOURISM
BOOKS OF THE BIBLE
    $100 23
Submarines

Grace
    $100 19
Blue crab

Triple Stumper
    $100 2
J. Edgar Hoover

Michael
    $100 7
(Alex: He won an Academy Award for his performance in that film)

George Burns

Triple Stumper
    $100 1
Boston

Claudia
    $100 13
Genesis

Michael
    $200 24
Eli Whitney

Grace
    $200 20
Smoothie

Grace
    $200 3
Annie Oakley

Grace
    $200 8
"It's A Wonderful Life"

Grace
    $200 12
(C: What is Ford Theater?)
(Alex: No, we won't accept that)

Ford's Theater

GraceClaudia
    $200 15
Prophets

Grace
    $300 25
Guglielmo Marconi

Grace
    $300 28
(C: What is pancakes a l' orange?)

Crepes Suzette

GraceClaudia
    $300 4
Hubert Humphrey

Michael
    $300 9
Groucho Marx

Grace
    $300 14
Philadelphia

Grace
    $300 16
Kings I & II

Grace
    $400 26
Clarence Birdseye

Grace
    $400 29
Gyro

Grace
    $400 5
Ansel Adams

Claudia
    $400 10
"A Streetcar Named Desire"

Grace
    $400 21
The Little Mermaid

Claudia
    $400 17
Leviticus

Claudia
    $500 27
Buckminster Fuller

Triple Stumper
    $500 30
Jack Daniels

Claudia
    $500 6
Melville Dewey

Grace
    $500 11
"Giant"

Michael
    $500 22
Deadwood

Grace
    $500 18
Ecclesiastes

Claudia

Scores at the first commercial break (after clue 14):

Grace Michael Claudia
$2,100 $1,000 $300

Scores at the end of the Jeopardy! Round:

Grace Michael Claudia
$5,000 $1,000 $1,800

Double Jeopardy! Round responses

ANCIENT GREECE
MUSIC APPRECIATION
GEOGRAPHY
PEOPLE
COLLEGES & UNIVERSITIES
BOOKS OF THE '90S
    $200 2
Rome

Michael
    $200 10
Soprano

Grace
    $200 1
Northwest Passage

Claudia
    $200 9
Alec Baldwin

Grace
    $200 21
Cuba

Claudia
    $200 23
Stephen King

Claudia
    $400 4
Parthenon

Claudia
    $400 11
Speaking

Claudia
    $400 3
The Seine

Claudia
    $400 17
Joint Chiefs of Staff

Claudia
    $400 22
Southern Methodist University

Grace
    $400 24
"The Beast"

Grace
    $600 5
Sparta

Michael
    $600 12
shanty

Grace
    $600 6
Germany

Claudia
    $600 18
New Jersey

Michael
    $600 28
MIT (Massachusetts Institute of Technology)

Grace
    $600 25
John Grisham

Grace
    $800 7
Minoan

Grace
    $800 13
The Metropolitan

Claudia
    $800 15
Kiev

Grace
    $800 19
(C: Who is Brokaw?)

Charlie Rose

Claudia
Triple Stumper
    $800 29
Dartmouth

Grace
    $1,000 26
"Primary Colors"

Grace
    $1000 8
Marathon

Claudia
    $1000 14
Lisbon

Michael
    $1,000 16
Suriname (formerly Dutch Guiana)

Grace
    $1000 20
(G: Who is Louis Leakey?)
(C: Who is Jane Leakey?)

Richard Leakey

GraceClaudia
Triple Stumper
    $1000 30
Stetson

Triple Stumper
    $1000 27
(G: What is "Touched By The Light?")

"Embraced By The Light"

Grace
Triple Stumper

Scores at the end of the Double Jeopardy! Round:

Grace Michael Claudia
$10,400 $3,400 $4,600
(lock game)

[wagering suggestions for these scores]

Final Jeopardy! Round responses

BRITISH STATESMEN
(Alex: Michael and Claudia, the two of you discovered today why it has been so difficult to deal with Grace Veach on Jeopardy! this week!)
MichaelWho was Neville Chamberlain
$0
ClaudiaWho was Montgomery?
$2,201
GraceWho was Gladstone
$400
Neville Chamberlain

Final scores:

Grace Michael Claudia
$10,000 $3,400 $2,399
5-day champion: $51,601 2nd place: Whirlpool appliances + Wolfgang Puck cookware 3rd place: Samsung 27" color TV

Game dynamics:

Coryat scores:

Grace Michael Claudia
$10,200 $3,400 $4,600
29 R
(including 2 DDs),
2 W
8 R,
0 W
16 R
(including 1 DD),
4 W

Combined Coryat: $18,200

[game clues] [game scores] [suggest correction]

Game tape date: 1996-11-14
The J! Archive is created by fans, for fans. Scraping, republication, monetization, and malicious use prohibited; this site may use cookies and collect identifying information. See terms. The Jeopardy! game show and all elements thereof, including but not limited to copyright and trademark thereto, are the property of Jeopardy Productions, Inc. and are protected under law. This website is not affiliated with, sponsored by, or operated by Jeopardy Productions, Inc. Join the discussion at JBoard.tv.